Quick Pick: WWE Inferno Match Competitors Quiz Stats

 Plays Quiz Updated Feb 18, 2018

Challenge
Share
Tweet
Embed
Score 0/5 Timer 00:30
2 Plays Today
% Correct
Kane
91.3%
Undertaker
88.6%
Bray Wyatt
69.8%
Triple H
62.7%
Montel Vontavious Porter
62.1%

Today's Daily Dose

Word Ladder
Anchorman

Get the Picture
'Head' Bands

You're not logged in!

Compare scores with friends on all Sporcle quizzes.
OR
Log In

You Might Also Like...

Show Comments

Extras

Top Quizzes Today


Score Distribution

Your Account Isn't Verified!

In order to create a playlist on Sporcle, you need to verify the email address you used during registration. Go to your Sporcle Settings to finish the process.

Report this User

Report this user for behavior that violates our Community Guidelines.

Details: